|
|
|
|
| LEADER |
02128nam a2200577 4500 |
| 001 |
ocn874179132 |
| 003 |
OCoLC |
| 005 |
20170124070809.5 |
| 006 |
m o d |
| 007 |
cr cn||||||||| |
| 008 |
140307t20142014gw a ob 001 0 ger d |
| 040 |
|
|
|a E7B
|b eng
|e rda
|e pn
|c E7B
|d OCLCO
|d N$T
|d DG1
|d CUS
|d OCLCF
|d COO
|d OCLCQ
|d DG1
|d GrThAP
|
| 020 |
|
|
|a 9783527683222
|q (electronic bk.)
|
| 020 |
|
|
|a 3527683224
|q (electronic bk.)
|
| 020 |
|
|
|a 9783527683161
|q (electronic bk.)
|
| 020 |
|
|
|a 352768316X
|q (electronic bk.)
|
| 020 |
|
|
|a 3527325301
|
| 020 |
|
|
|a 9783527325306
|
| 020 |
|
|
|z 9783527325306
|
| 020 |
|
|
|z 9783527683215
|
| 020 |
|
|
|z 3527683216
|
| 020 |
|
|
|z 9783527683208
|
| 020 |
|
|
|z 3527683208
|
| 029 |
1 |
|
|a CHBIS
|b 010259648
|
| 029 |
1 |
|
|a CHVBK
|b 325942099
|
| 029 |
1 |
|
|a NZ1
|b 15581516
|
| 035 |
|
|
|a (OCoLC)874179132
|
| 050 |
|
4 |
|a TK7871.852
|b .S97 2014eb
|
| 072 |
|
7 |
|a TEC
|x 009070
|2 bisacsh
|
| 082 |
0 |
4 |
|a 621.38152
|2 23
|
| 049 |
|
|
|a MAIN
|
| 245 |
0 |
0 |
|a Systematische Beurteilung technischer Schadensflle /
|c herausgegeben von Günter Lange und Michael Pohl.
|
| 250 |
|
|
|a Sechste Auflage.
|
| 264 |
|
1 |
|a Weinheim, Germany :
|b Wiley-VCH,
|c 2014.
|
| 264 |
|
4 |
|c ©2014
|
| 300 |
|
|
|a 1 online resource (xvi, 548 pages) :
|b illustrations
|
| 336 |
|
|
|a text
|b txt
|2 rdacontent
|
| 337 |
|
|
|a computer
|b c
|2 rdamedia
|
| 338 |
|
|
|a online resource
|b cr
|2 rdacarrier
|
| 504 |
|
|
|a Includes bibliographical references and index.
|
| 588 |
0 |
|
|a Online resource; title from PDF title page (Wiley, viewed June 2, 2014).
|
| 650 |
|
0 |
|a Semiconductors
|x Failures.
|
| 650 |
|
7 |
|a TECHNOLOGY & ENGINEERING
|x Mechanical.
|2 bisacsh
|
| 650 |
|
7 |
|a Semiconductors
|x Failures.
|2 fast
|0 (OCoLC)fst01112222
|
| 655 |
|
4 |
|a Electronic books.
|
| 655 |
|
0 |
|a Electronic books.
|
| 700 |
1 |
|
|a Pohl, Michael.
|
| 700 |
1 |
|
|a Lange, Günter.
|
| 776 |
0 |
8 |
|i Print version:
|t Systematische Beurteilung technischer Schadensfälle.
|b Sechste Auflage.
|d Weinheim, Germany : Wiley-VCH Verlag GmbH & Co. KGaA, 2014
|z 9783527325306
|w (OCoLC)874929545
|
| 856 |
4 |
0 |
|u https://doi.org/10.1002/9783527683161
|z Full Text via HEAL-Link
|
| 994 |
|
|
|a 92
|b DG1
|